International business directory for Innovative bio- based plastics and composites 2011.
| Format: | Book |
|---|---|
| Published: |
Heurth, Germany:
Nova,
2011.
|
| Subjects: |
| LEADER | 00490cam a2200145 7i4500 | ||
|---|---|---|---|
| 001 | 0000027815 | ||
| 005 | 20120709090000.0 | ||
| 020 | 0 | 0 | |a 9783981202748 |
| 090 | 0 | 0 | |a I 338.76 |b INT |
| 245 | 0 | 0 | |a International business directory for Innovative bio- based plastics and composites 2011. |
| 260 | 0 | 0 | |a Heurth, Germany: |b Nova, |c 2011. |
| 300 | # | # | |a 135 p. |
| 650 | 0 | 0 | |a Plastics -- |x Directories |
| 650 | 0 | 0 | |a Bio-based plastics -- |x Directories |
| 999 | |a 0000030322 |b Book |c International |e Business Information Centre | ||


